Представление документа в формате RUSMARC

Поле Инд. ПП Название Значение
Тип записи a
Библиографический уровень a
001 Контрольный номер 842f84f5d934498bb069320bd3cd727a
005 Дата корректировки 20181120134551.9
100 a Данные общей обработки 20180917 ||| 0rusy0189 ca
101 0_ a Язык текста rus
102 a Страна публикации RU
200 1_ f Первые сведения об ответственности В.П. Малахов
a Заглавие Методологи теории государства и права. Герменевтическая методология
b Общее обозначение материала Текст
210 d Дата издания 2018
461 _0 1 2000
a История государства и права
463 _0 1 2000
a №6
v С. 16-21
1 2101
d 2018
1 00181ac68e0ae7d4d1d8695160199708209
606 a Основная рубрика Общая теория права
610 0_ a Ключевые слова ТЕОРИЯ ГОСУДАРСТВА И ПРАВА
a Ключевые слова МЕТОДОЛОГИЯ
700 _1 a Фамилия Малахов
b Имя В.П.
801 _0 a Страна RU
b Организация РГУП
c Дата составления 20180917
g Правила каталогизации PSBO
801 _1 a Страна RU
b Организация РГУП
c Дата составления 20180917
g Правила каталогизации PSBO
901 t Тип документа b
w Контрольный № источника 81ac68e0ae7d4d1d8695160199708209
905 a Дата ввода 20180917